Países Comunistas Modernos - Estadísticas

Estadísticas generales
  • Esta prueba ha sido intentada 4.428 veces
  • La puntuación promedio es 3 de 5
Estadísticas de respuestas
País % Correcto
China
93%
Cuba
86%
Vietnam
76%
Laos
50%
Nepal
16%
No se encontraron pruebas coincidentes
Distribución de puntuación
Porcentaje de gente con cada puntuación
Porcentaje por número respondido
Historial de tus puntuaciones
No has intentado esta prueba.